| 000 | 01310nam a22001817a 4500 | ||
|---|---|---|---|
| 005 | 20251219121548.0 | ||
| 082 | _a920 JOS | ||
| 100 |
_aJoseph Annamkutty Jose _91181 |
||
| 245 | _aDaivathinte Chaaranmaar_Malayalam | ||
| 250 | _a1 | ||
| 260 |
_aDC Books _bKottayam _c2025 |
||
| 300 | _aNumber of pages : 232 | ||
| 500 | _aCategory : Memoirs, Autobiography & Biography, Best Sellers | ||
| 520 | _aനിരവധി കോപ്പികൾ വിറ്റൊഴിഞ്ഞ ബെറീഡ് തോട്ട്സിനു ശേഷം ജോസഫ് അന്നംകുട്ടിയുടെ ഏറ്റവും പുതിയ പുസ്തകം. ഓർമകളുടെ കൂടാരത്തിൽനിന്നും ചീന്തിയെടുത്ത അനുഭവങ്ങളുടെ കുറിപ്പുകൾ. ദൈവത്തിന്റെ ചാരന്മാരായി ഭൂമിയിലേക്ക് നന്മചെയ്യുന്നതിനായി കുറച്ച് വ്യക്തികളെ നിയോഗിച്ചിട്ടുണ്ട്. ആ വ്യക്തി ആരുമാകാം ഒരുപക്ഷേ നിങ്ങളുമാകാം. | ||
| 546 | _aLanguage : Malayalam | ||
| 650 |
_aGEN _92 |
||
| 942 | _cBK | ||
| 999 |
_c38090 _d38090 |
||